000 00313nam a2200133Ia 4500
008 240624s9999 xx 000 0 und d
041 _aeng
082 _a519.5 COR
100 _aCORTINA JOSE M
245 _aEFFECT SIZE FOR ANOVA DESIGNS VOLUME 129
260 _c1999
_bSage
300 _a80 p.
365 _c
_b32
999 _c30194
_d30194